| 000 | 00393nam a22001697a 4500 | ||
|---|---|---|---|
| 005 | 20160618141324.0 | ||
| 008 | 160618b xxu||||| |||| 00| 0 eng d | ||
| 020 | _a981-240-638-7 | ||
| 041 | _aeng | ||
| 082 | _b8161 | ||
| 100 |
_aRosenbeld, Pul and others _92226 |
||
| 245 | _aImpression Management | ||
| 260 |
_bThomson _c2003 |
||
| 300 | _a210 | ||
| 650 |
_aManagement _9241 |
||
| 942 | _cBK | ||
| 999 |
_c3115 _d3114 |
||